Catálogo
 En Linea

La conspiración Trujillista : (Registro nro. 20183)

Detalles MARC
000 -CABECERA
campo de control de longitud fija 00673nam a2200205 a 4500
001 - NÚMERO DE CONTROL
campo de control 000020679
003 - IDENTIFICADOR DEL NÚMERO DE CONTROL
campo de control OSt
005 - FECHA Y HORA DE LA ÚLTIMA TRANSACCIÓN
campo de control 20240508073815.0
008 - DATOS DE LONGITUD FIJA--INFORMACIÓN GENERAL
campo de control de longitud fija 100812s2016 000 0 spa d
020 ## - NÚMERO INTERNACIONAL ESTÁNDAR DEL LIBRO
Número Internacional Estándar del Libro 9789945586695
040 ## - FUENTE DE LA CATALOGACIÓN
Centro catalogador/agencia de origen DO-SdBNP
Lengua de catalogación spa
Centro/agencia transcriptor BNPHU
082 ## - NÚMERO DE LA CLASIFICACIÓN DECIMAL DEWEY
Número de documento/Ítem Z22c
100 ## - ENTRADA PRINCIPAL--NOMBRE DE PERSONA
Nombre de persona Zaldívar Diéguez, Andrés
9 (RLIN) 6068
245 10 - MENCIÓN DE TÍTULO
Título La conspiración Trujillista :
Resto del título una fascinante historia
Mención de responsabilidad, etc. Andrès Zaldivar Dièguez, Pedro Etcheverry Vàzquez
260 ## - PUBLICACIÓN, DISTRIBUCIÓN, ETC.
Lugar de publicación, distribución, etc. Santo Domingo :
Fecha de publicación, distribución, etc. 2016,
Nombre del editor, distribuidor, etc. Archivo General de la Naciòn
300 ## - DESCRIPCIÓN FÍSICA
Extensión 370 p.
Dimensiones 24 cm
490 ## - MENCIÓN DE SERIE
Mención de serie Archivo General de la Naciòn
Designación de volumen o secuencia CCLXX
700 ## - PUNTO DE ACCESO ADICIONAL--NOMBRE DE PERSONA
Nombre de persona Pedro Etcheverry Vàzquez
Término indicativo de función/relación autor
9 (RLIN) 76575
942 ## - ELEMENTOS DE PUNTO DE ACCESO ADICIONAL (KOHA)
Fuente del sistema de clasificación o colocación Dewey Decimal Classification
Tipo de ítem Koha Libros y folletos
Existencias
Estado de retiro Estado de pérdida Restricciones de uso No para préstamo Código de colección Localización permanente Ubicación/localización actual Ubicación en estantería Fecha de adquisición Número de inventario Total de préstamos Signatura topográfica completa Código de barras Fecha visto por última vez Precio válido a partir de Tipo de ítem Koha
        Monografías: Libros y Folletos Patrimonio Dominicano Patrimonio Dominicano Orden iniciada 16.03.2020 LF1   20679-10 25.06.2020 25.06.2020 No se presta

Con tecnología Koha